| 000 -LEADER |
| fixed length control field |
00842nam a22001937a 4500 |
| 005 - DATE AND TIME OF LATEST TRANSACTION |
| control field |
20220215115259.0 |
| 008 - FIXED-LENGTH DATA ELEMENTS--GENERAL INFORMATION |
| fixed length control field |
220215s2020en xxu||||| |||| 00| 0 eng d |
| 041 ## - LANGUAGE CODE |
| Language code of text/sound track or separate title |
eng |
| 082 ## - DEWEY DECIMAL CLASSIFICATION NUMBER |
| Edition number |
662.959.63(479.22) G-67 |
| 100 ## - MAIN ENTRY--PERSONAL NAME |
| Personal name |
Gochitashvili, teimuraz |
| 9 (RLIN) |
13536 |
| 245 ## - TITLE STATEMENT |
| Title |
Oil and Gas Sector of GEORGIA in the transition Period / |
| Statement of responsibility, etc. |
Teimuraz Gochitashvili, edit. Teimuraz Javakishvili. |
| 264 ## - PRODUCTION, PUBLICATION, DISTRIBUTION, MANUFACTURE, AND COPYRIGHT NOTICE |
| Place of production, publication, distribution, manufacture |
TBILISI, |
| Date of production, publication, distribution, manufacture, or copyright notice |
2020. |
| 300 ## - PHYSICAL DESCRIPTION |
| Extent |
180 p :. |
| Dimensions |
22cm. |
| 653 ## - INDEX TERM--UNCONTROLLED |
| keyword |
Oil and Gas Sector of GEORGIA in the transition Period |
| 653 ## - INDEX TERM--UNCONTROLLED |
| keyword |
საქართველოს ნავთობისა და გაზის სექტორი გარდამავალ პერიოდში |
| 653 ## - INDEX TERM--UNCONTROLLED |
| keyword |
ნავთობი, გაზი |
| 700 ## - ADDED ENTRY--PERSONAL NAME |
| Personal name |
Javakishvili, Teimuraz |
| Titles and other words associated with a name |
რედაქტორი |
| 9 (RLIN) |
13537 |
| 942 ## - ADDED ENTRY ELEMENTS (KOHA) |
| Source of classification or shelving scheme |
|
| Koha item type |
წიგნი |